000 00693nam a2200289Ia 4500
005 20260324132747.0
008 008 260324s9999 xx 000 0 eng d
020 _a9780203502549
037 _aEBOOK
040 _aCRL
040 _beng
040 _cCRL
041 _2eng
041 _aeng
084 _qCRL
100 _aNicholas J. Saunders
_91190525
245 0 _aMatters of Conflict
245 0 _bMaterial Culture, Memory and the First World War
260 _bTaylor and Francis
260 _c2004
365 _a
365 _b230
856 _uhttp://www.taylorfrancis.com/books/9780203502549
942 _cEBOOK
999 _c1788891
_d1788891